12 Common Chat Abbreviations Quiz Stats

 Plays Quiz not verified by Sporcle

Support Sporcle.
Go Orange.
Score 0/12 Timer 05:00
0 Plays Today
What the Abbreviation stands for Chat Abbreviation % Correct
laugh out loudlol
100%
oh my godomg
100%
what the fudgewtf
100%
best friends foreverbff
98.2%
i know right!ikr
97.8%
laugh my fudging a** offlmfao
97.3%
be right backbrb
96.4%
fudge my lifefml
96.4%
my life is averagemlia
93.3%
i love you ily
87.9%
rolling on floor laughingrofl
87.4%
got to gog2g
77.6%

You're not logged in!

Compare scores with friends on all Sporcle quizzes.
OR
Log In

From the Vault

Mis-Matched Marvel & DC Heroes

by stevenmiller61

Now this is the Marvel/DC crossover we've been waiting for.
Remove Ads.
Support Sporcle.
Get the best of Sporcle when you Go Orange. This ad-free experience offers more features, more stats, and more fun while also helping to support Sporcle. Thank you for becoming a member.

Show Comments

Extras

Created Mar 12, 2011ReportNominate
Tags:Abbreviation, bff, chat, fml, lmfao, lol, omg, stand, WTF

Top Quizzes Today


Score Distribution

Your Account Isn't Verified!

In order to create a playlist on Sporcle, you need to verify the email address you used during registration. Go to your Sporcle Settings to finish the process.

Report this User

Report this user for behavior that violates our Community Guidelines.

Details: